| 000 | 00384nam a2200145Ia 4500 | ||
|---|---|---|---|
| 008 | 210210b1995 xxu||||| |||| 00| 0 eng d | ||
| 082 | _a321.8 BHAW | ||
| 100 | _aBHAGWAN (Vishnoo) and BHUSHAN (Vidya). | ||
| 245 | _aWorld constitutions. | ||
| 250 | _a | ||
| 260 |
_aND _bSterling publishers pvt ltd. _c1995 |
||
| 300 | _axi,143+13 | ||
| 690 | _aModern Governments | ||
| 906 | _a051479 | ||
| 999 |
_c100114 _d100114 |
||